Statistics for Rupaul's Drag Race All-Stars Challenge Winners

Click here to take the quiz!

General Stats

  • This quiz has been taken 136 times
    (100 since last reset)
  • The average score is 30 of 34

Answer Stats

Challenge WinsQueen% Correct
4Alaska
99%
4Manila Luzon
99%
3Monet X Change
99%
3Chad Michaels
97%
4Trinity the Tuck
97%
5BendelaCreme
96%
3Detox
96%
1Alexis Mateo
95%
3Katya
95%
1Roxxxy Andrews
95%
2Latrice Royale
94%
2Tatianna
94%
2Yara Sofia
94%
2Trixie Mattel
92%
1Jujubee
91%
3Monique Heart
91%
2Shea Coulee
91%
2Alyssa Edwards
88%
2Miz Cracker
88%
3Shangela
88%
3Shannel
88%
2Ginger Minj
87%
1Naomi Smalls
86%
1Valentina
86%
2Bebe Zahara Benet
84%
2Rajah O'Hara
81%
1Aja
79%
1Kennedy Davenport
78%
1Kylie Sonique Love
78%
2Trinity K Bonet
78%
1India Ferrah
77%
1Eureka!
75%
1Phi Phi O'Hara
73%
1Jan
60%

Score Distribution

Percentile by Number Answered

Percent of People with Each Score

Your Score History

You have not taken this quiz since the last reset